• 首页
  • 本馆介绍
  • 公告通知
  • 最新文献
  • 馆藏检索
  • 电子资源
  • 读者导购
  • 参考咨询
  • 我的图书馆
  • 登录
  • 详细信息显示
  • 放入我的书架
  • 预约/预借图书
  • 作者相关作品
  • 分类相关作品
  • 丛书相关作品
  • 出版社相关作品

书目信息

  • 表格格式
  • 工作单格式
  • 卡片格式
题名:
黑色雅典娜
    
 
作者: 贝尔纳 著 ;郝田虎 , 程英 译
分册: 1   编造古希腊
出版信息: 南京   南京大学出版社  2020.07
页数: 524页
开本: 24cm
丛书名:
单 册:
中图分类: K500.3 , K103
科图分类:
主题词: 西方文化--文化史--研究--1785-1895 , 世界史:通史
电子资源:
ISBN: 978-7-305-23267-1
000 01513nam0 2200313 450
001 0120203053248
005 20201103142752.96
010    @a978-7-305-23267-1@dCNY79.60,CNY398.00(全5册)
100    @a20200805d2020 em y0chiy50 ea
101 1  @achi@ceng
102    @aCN@b320000
105    @ab z 001yy
106    @ar
200 1  @a黑色雅典娜@9hei se ya dian na@e古典文明的亚非之根@h1@i编造古希腊@b专著@e1785-1985@dBlack athena@ethe afroasiatic roots of classical civilization@hVolume 1@iThe fabrication of ancient Greece@e1785-1985@f(美)马丁·贝尔纳(Martin Bernal)著@g郝田虎,程英译@zeng
210    @a南京@c南京大学出版社@d2020.07
215    @a524页@c地图@d24cm
330    @a本书共分三卷。第一卷集中讨论1785到1850年的关键时期,在这一时期,浪漫主义和种族主义对启蒙运动和法国大革命做出反应,北欧地区向其它大陆的拓展得到巩固。在前所未有的壮举中,贝尔纳在广泛的领域和学科范围中建立起有意义的联系——戏剧、诗歌、神话、神学争论、秘传宗教、哲学、传记、语言、历史叙述以及“现代学术”的出现。作者积十年之功,终成顺应时代潮流之作。
333    @a西方文化史研究人员
510 1  @aBlack athena@h1@zeng
517 1  @a古典文明的亚非之根@9gu dian wen ming de ya fei zhi gen
606 0  @a西方文化@x文化史@x研究@z1785-1895
606 0  @a世界史:通史
690    @aK500.3@v5
690    @aK103@v4
701  0 @c(美)@a贝尔纳@9bei er na@c(Bernal, Martin@f1937-2013)@4著
702  0 @a郝田虎@9hao tian hu@4译
702  0 @a程英@9cheng ying@4译
801  0 @aCN@b人天书店@c20200805
905    @b1298331@dK103@e338:1@f1
    
    黑色雅典娜:古典文明的亚非之根.1.编造古希腊:1785-1985=Black athena:the afroasiatic roots of classical civilization.Volume 1.The fabrication of ancient Greece:1785-1985/(美)马丁·贝尔纳(Martin Bernal)著/郝田虎,程英译.-南京:南京大学出版社,2020.07
    524页:地图;24cm
    使用对象:西方文化史研究人员
    
    ISBN 978-7-305-23267-1:CNY79.60,CNY398.00(全5册)
    本书共分三卷。第一卷集中讨论1785到1850年的关键时期,在这一时期,浪漫主义和种族主义对启蒙运动和法国大革命做出反应,北欧地区向其它大陆的拓展得到巩固。在前所未有的壮举中,贝尔纳在广泛的领域和学科范围中建立起有意义的联系——戏剧、诗歌、神话、神学争论、秘传宗教、哲学、传记、语言、历史叙述以及“现代学术”的出现。作者积十年之功,终成顺应时代潮流之作。
●
相关链接 在E读中查询图书 在五车中查询图书 在当当中查询图书 在豆瓣中查询图书


正题名:黑色雅典娜     索取号:K103/338:1         预约/预借

序号 登录号 条形码 馆藏地/架位号 状态 备注
1 1298331   212983315   第二样本阅览室/ [索取号:K103/338:1] 在馆    
唐山师范学院图书馆 欢迎您!
大连网信软件有限公司© 版权所有